<?xml version="1.0" encoding="UTF-8"?>
<collection xmlns="http://www.loc.gov/MARC21/slim">
    <record>
        <controlfield tag="001">63511</controlfield>
        <controlfield tag="005">20171215115342.0</controlfield>
        <datafield tag="024" ind1="8" ind2=" ">
            <subfield code="2">sideral</subfield>
            <subfield code="a">103110</subfield>
        </datafield>
        <datafield tag="037" ind1=" " ind2=" ">
            <subfield code="a">ART-2015-103110</subfield>
        </datafield>
        <datafield tag="041" ind1=" " ind2=" ">
            <subfield code="a">eng</subfield>
        </datafield>
        <datafield tag="100" ind1=" " ind2=" ">
            <subfield code="a">Paelinck, Jean</subfield>
        </datafield>
        <datafield tag="245" ind1=" " ind2=" ">
            <subfield code="a">Modelos para datos espaciales con estructura transversal o de panel. Una revision</subfield>
        </datafield>
        <datafield tag="260" ind1=" " ind2=" ">
            <subfield code="c">2015</subfield>
        </datafield>
        <datafield tag="506" ind1="0" ind2=" ">
            <subfield code="a">Access copy available to the general public</subfield>
            <subfield code="f">Unrestricted</subfield>
        </datafield>
        <datafield tag="520" ind1="3" ind2=" ">
            <subfield code="a">En este trabajo analizamos la situación actual de la Econometría espacial, como disciplina de naturaleza econométrica especializada en el manejo de datos y relaciones de tipo espacial. Se trata de un campo de investigación que ha evolucionado muy rápidamente en las últimas décadas produciendo una gran variedad de técnicas e instrumentos diferentes. El pequeño análisis bibliogáfico que realizamos en la primera parte del trabajo pone de manifiesto esta tensión. A continuación, la discusión sobre métodos se estructura en dos grandes apartados dedicados, respectivamente, a los modelos puros de corte transversal y a los modelos de datos panel. Esta revisión nos ha permitido identificar ciertas lagunas que deberían recibir mayor atención por parte de los usuarios, aunque la valoración global es positiva.</subfield>
        </datafield>
        <datafield tag="536" ind1=" " ind2=" ">
            <subfield code="9">info:eu-repo/grantAgreement/ES/DGA/S60</subfield>
            <subfield code="9">info:eu-repo/grantAgreement/ES/MINECO/ECO2012-36032-C03-01</subfield>
        </datafield>
        <datafield tag="540" ind1=" " ind2=" ">
            <subfield code="9">info:eu-repo/semantics/openAccess</subfield>
            <subfield code="a">by-nc-nd</subfield>
            <subfield code="u">http://creativecommons.org/licenses/by-nc-nd/3.0/es/</subfield>
        </datafield>
        <datafield tag="655" ind1=" " ind2="4">
            <subfield code="a">info:eu-repo/semantics/article</subfield>
            <subfield code="v">info:eu-repo/semantics/publishedVersion</subfield>
        </datafield>
        <datafield tag="700" ind1=" " ind2=" ">
            <subfield code="0">(orcid)0000-0003-0979-1067</subfield>
            <subfield code="a">Trivez, Javier</subfield>
            <subfield code="u">Universidad de Zaragoza</subfield>
        </datafield>
        <datafield tag="700" ind1=" " ind2=" ">
            <subfield code="0">(orcid)0000-0002-7384-9166</subfield>
            <subfield code="a">Mur Lacambra, Jesús Domingo</subfield>
            <subfield code="u">Universidad de Zaragoza</subfield>
        </datafield>
        <datafield tag="710" ind1="2" ind2=" ">
            <subfield code="1">4000</subfield>
            <subfield code="2">415</subfield>
            <subfield code="a">Universidad de Zaragoza</subfield>
            <subfield code="b">Departamento de Análisis Económico</subfield>
            <subfield code="c">Fundamentos del Análisis Económico</subfield>
        </datafield>
        <datafield tag="773" ind1=" " ind2=" ">
            <subfield code="g">33 (2015), 7-30</subfield>
            <subfield code="p">Estud. econ. apl.</subfield>
            <subfield code="t">Estudios de economía aplicada</subfield>
            <subfield code="x">1133-3197</subfield>
        </datafield>
        <datafield tag="856" ind1="4" ind2="1">
            <subfield code="u">http://www.revista-eea.net/volumen.php?Id=89&amp;vol=33&amp;ref=1</subfield>
            <subfield code="z">Texto completo de la revista</subfield>
        </datafield>
        <datafield tag="856" ind1="4" ind2=" ">
            <subfield code="s">497130</subfield>
            <subfield code="u">http://zaguan.unizar.es/record/63511/files/texto_completo.pdf</subfield>
            <subfield code="y">Versión publicada</subfield>
        </datafield>
        <datafield tag="856" ind1="4" ind2=" ">
            <subfield code="s">53838</subfield>
            <subfield code="u">http://zaguan.unizar.es/record/63511/files/texto_completo.jpg?subformat=icon</subfield>
            <subfield code="x">icon</subfield>
            <subfield code="y">Versión publicada</subfield>
        </datafield>
        <datafield tag="909" ind1="C" ind2="O">
            <subfield code="o">oai:zaguan.unizar.es:63511</subfield>
            <subfield code="p">articulos</subfield>
            <subfield code="p">driver</subfield>
        </datafield>
        <datafield tag="951" ind1=" " ind2=" ">
            <subfield code="a">2017-12-15-08:21:12</subfield>
        </datafield>
        <datafield tag="980" ind1=" " ind2=" ">
            <subfield code="a">ARTICLE</subfield>
        </datafield>
    </record>

    
</collection>